<?xml version="1.0" encoding="UTF-8"?>
<collection xmlns="http://www.loc.gov/MARC21/slim">
<record>
  <controlfield tag="001">161856</controlfield>
  <controlfield tag="005">20251017144603.0</controlfield>
  <datafield tag="024" ind1="7" ind2=" ">
    <subfield code="2">doi</subfield>
    <subfield code="a">10.3390/su17114877</subfield>
  </datafield>
  <datafield tag="024" ind1="8" ind2=" ">
    <subfield code="2">sideral</subfield>
    <subfield code="a">144474</subfield>
  </datafield>
  <datafield tag="037" ind1=" " ind2=" ">
    <subfield code="a">ART-2025-144474</subfield>
  </datafield>
  <datafield tag="041" ind1=" " ind2=" ">
    <subfield code="a">eng</subfield>
  </datafield>
  <datafield tag="100" ind1=" " ind2=" ">
    <subfield code="a">Wang, Shiyuan</subfield>
  </datafield>
  <datafield tag="245" ind1=" " ind2=" ">
    <subfield code="a">Research on the Transfer of Rural Land Contracting Rights: Empirical Analysis Based on Shandong Province</subfield>
  </datafield>
  <datafield tag="260" ind1=" " ind2=" ">
    <subfield code="c">2025</subfield>
  </datafield>
  <datafield tag="506" ind1="0" ind2=" ">
    <subfield code="a">Access copy available to the general public</subfield>
    <subfield code="f">Unrestricted</subfield>
  </datafield>
  <datafield tag="520" ind1="3" ind2=" ">
    <subfield code="a">This study investigates the transfer of rural land contracting rights in Shandong Province, China, employing a mixed methods approach that integrates qualitative policy analysis and quantitative multiple linear regression models based on panel data from 16 prefecture-level cities (collected in 2010–2022). The findings demonstrate that land transfer optimizes resource allocation, enhances agricultural output efficiency, and serves as a critical mechanism for advancing agricultural modernization and rural revitalization. Key drivers, such as agricultural modernization and industrial development, significantly promote land transfer, particularly in coastal areas, while challenges like non-standardized contracts and inadequate farmer protections persist. The study proposes targeted strategies, including strengthening agricultural modernization, enhancing farmer income through non-agricultural industries, and improving institutional frameworks to stabilize the land transfer market. Additionally, it highlights the potential role of rural social workers in addressing contentious issues such as women’s rights, displacement, and access to resources, ensuring equitable and sustainable rural development. These measures aim to accelerate agricultural modernization, promote rural economic growth, and enhance the competitiveness and social well-being of rural areas, providing a robust foundation for policy formulation.</subfield>
  </datafield>
  <datafield tag="540" ind1=" " ind2=" ">
    <subfield code="9">info:eu-repo/semantics/openAccess</subfield>
    <subfield code="a">by</subfield>
    <subfield code="u">https://creativecommons.org/licenses/by/4.0/deed.es</subfield>
  </datafield>
  <datafield tag="655" ind1=" " ind2="4">
    <subfield code="a">info:eu-repo/semantics/article</subfield>
    <subfield code="v">info:eu-repo/semantics/publishedVersion</subfield>
  </datafield>
  <datafield tag="700" ind1=" " ind2=" ">
    <subfield code="a">Liu, Zhaoyang</subfield>
  </datafield>
  <datafield tag="700" ind1=" " ind2=" ">
    <subfield code="a">Esteban Rodríguez, Samuel</subfield>
    <subfield code="u">Universidad de Zaragoza</subfield>
    <subfield code="0">(orcid)0000-0002-5282-1930</subfield>
  </datafield>
  <datafield tag="710" ind1="2" ind2=" ">
    <subfield code="1">3006</subfield>
    <subfield code="2">435</subfield>
    <subfield code="a">Universidad de Zaragoza</subfield>
    <subfield code="b">Dpto. Geograf. Ordenac.Territ.</subfield>
    <subfield code="c">Área Geografía Humana</subfield>
  </datafield>
  <datafield tag="773" ind1=" " ind2=" ">
    <subfield code="g">17, 11 (2025), 4877 [35 pp.]</subfield>
    <subfield code="p">Sustainability (Basel)</subfield>
    <subfield code="t">Sustainability (Switzerland)</subfield>
    <subfield code="x">2071-1050</subfield>
  </datafield>
  <datafield tag="856" ind1="4" ind2=" ">
    <subfield code="s">323902</subfield>
    <subfield code="u">http://zaguan.unizar.es/record/161856/files/texto_completo.pdf</subfield>
    <subfield code="y">Versión publicada</subfield>
  </datafield>
  <datafield tag="856" ind1="4" ind2=" ">
    <subfield code="s">2471411</subfield>
    <subfield code="u">http://zaguan.unizar.es/record/161856/files/texto_completo.jpg?subformat=icon</subfield>
    <subfield code="x">icon</subfield>
    <subfield code="y">Versión publicada</subfield>
  </datafield>
  <datafield tag="909" ind1="C" ind2="O">
    <subfield code="o">oai:zaguan.unizar.es:161856</subfield>
    <subfield code="p">articulos</subfield>
    <subfield code="p">driver</subfield>
  </datafield>
  <datafield tag="951" ind1=" " ind2=" ">
    <subfield code="a">2025-10-17-14:14:36</subfield>
  </datafield>
  <datafield tag="980" ind1=" " ind2=" ">
    <subfield code="a">ARTICLE</subfield>
  </datafield>
</record>
</collection>